Market-consistent actuarial valuation / (Record no. 11538)
[ view plain ]
| 000 -LEADER | |
|---|---|
| fixed length control field | 01193cam a22003015a 4500 |
| 001 - CONTROL NUMBER | |
| control field | 14905169 |
| 005 - DATE AND TIME OF LATEST TRANSACTION | |
| control field | 20090129082929.0 |
| 008 - FIXED-LENGTH DATA ELEMENTS--GENERAL INFORMATION | |
| fixed length control field | 070627s2007 nyu 000 0 eng |
| 010 ## - LIBRARY OF CONGRESS CONTROL NUMBER | |
| LC control number | 2007931823 |
| 020 ## - INTERNATIONAL STANDARD BOOK NUMBER | |
| International Standard Book Number | 9783540736424 |
| 040 ## - CATALOGING SOURCE | |
| Original cataloging agency | DLC |
| Transcribing agency | DLC |
| Modifying agency | DLC |
| 082 ## - DEWEY DECIMAL CLASSIFICATION NUMBER | |
| Edition number | 22 |
| Classification number | 368.01 |
| Item number | WUT |
| 100 1# - MAIN ENTRY--PERSONAL NAME | |
| Personal name | Wuthrich, Mario Valentin. |
| 9 (RLIN) | 4766 |
| 245 10 - TITLE STATEMENT | |
| Title | Market-consistent actuarial valuation / |
| Statement of responsibility, etc | Wuthrich Mario Valentin, Buhlmann Hans, Furrer Hansjorg. |
| 250 ## - EDITION STATEMENT | |
| Edition statement | 1st ed. |
| 260 ## - PUBLICATION, DISTRIBUTION, ETC. (IMPRINT) | |
| Place of publication, distribution, etc | New York : |
| Name of publisher, distributor, etc | Springer, |
| Date of publication, distribution, etc | 2008 |
| 263 ## - PROJECTED PUBLICATION DATE | |
| Projected publication date | 0710 |
| 300 ## - PHYSICAL DESCRIPTION | |
| Extent | 120 p.: |
| Other physical details | ill.; |
| Dimensions | 23 cm. |
| 440 ## - | |
| -- | 3391 |
| -- | EAA lecture notes |
| 504 ## - BIBLIOGRAPHY, ETC. NOTE | |
| Bibliography, etc | Includes bibliographical references p.:120 and index |
| 650 ## - SUBJECT ADDED ENTRY--TOPICAL TERM | |
| 9 (RLIN) | 4764 |
| Topical term or geographic name as entry element | Life insurance |
| General subdivision | --Mathematics |
| 650 ## - SUBJECT ADDED ENTRY--TOPICAL TERM | |
| 9 (RLIN) | 4765 |
| Topical term or geographic name as entry element | Insurance |
| General subdivision | --Mathematics |
| 856 42 - ELECTRONIC LOCATION AND ACCESS | |
| Materials specified | Publisher description |
| Uniform Resource Identifier | <a href="http://www.loc.gov/catdir/enhancements/fy0904/2007931823-d.html">http://www.loc.gov/catdir/enhancements/fy0904/2007931823-d.html</a> |
| 856 41 - ELECTRONIC LOCATION AND ACCESS | |
| Materials specified | Table of contents only |
| Uniform Resource Identifier | <a href="http://www.loc.gov/catdir/enhancements/fy0904/2007931823-t.html">http://www.loc.gov/catdir/enhancements/fy0904/2007931823-t.html</a> |
| 942 ## - ADDED ENTRY ELEMENTS (KOHA) | |
| Source of classification or shelving scheme | Dewey Decimal Classification |
| Item type | Book - Borrowing |
| Withdrawn status | Item status | Source of classification or shelving scheme | Damaged status | Not for loan | Vendor | Home library | Current library | Shelving location | Date acquired | Source of acquisition | Cost, normal purchase price | Serial Enumeration / chronology | Total Checkouts | Full call number | Barcode | Date last seen | Koha item type |
|---|---|---|---|---|---|---|---|---|---|---|---|---|---|---|---|---|---|
| Dewey Decimal Classification | Baccah | Central Library | Central Library | First floor | 17/05/2009 | 186.40 | 6993 | 368.01 WUT | 000016205 | 15/07/2025 | Book - Borrowing |